[Event "Zlin Region-chT 2324"]
[Site "Czech Republic"]
[Date "2024.03.03"]
[Round "9.6"]
[White "Sovadina, Martin"]
[Black "Svoboda, Rostislav"]
[Result "0-1"]
[WhiteElo "1854"]
[BlackElo "1952"]
[PlyCount "50"]
[EventDate "2023.10.22"]
[EventType "team-tourn"]
[EventRounds "11"]
[EventCountry "CZE"]
[SourceTitle "EXT 2025"]
[Source "ChessBase"]
[SourceDate "2024.10.14"]
[SourceVersion "1"]
[SourceVersionDate "2024.10.14"]
[SourceQuality "1"]
[WhiteTeam "Holesov"]
[BlackTeam "Zlin II"]
[WhiteTeamCountry "CZE"]
[BlackTeamCountry "CZE"]

1. d4 Nf6 2. c4 e6 3. Nc3 d5 4. Bg5 Be7 5. Qc2 Nbd7 6. c5 c6 7. b4 e5 8. e3 0-0 9. Nf3 exd4 10. exd4 b6 11. Rb1 Re8 12. Be2 Ne4 13. Bf4 a5 14. Nxe4 dxe4 15. Nd2 Nf6 16. bxa5 bxc5 17. Nb3 cxd4 18. Qxc6 Bd7 19. Qb7 d3 20. Bd1 Be6 21. Bc7 Qd7 22. a6 Bd5 23. Qb6 Bc6 24. 0-0 Nd5 25. Nc5 Qxc7 0-1